It looks like you're offline.
Open Library logo
additional options menu

MARC record from Internet Archive

LEADER: 05002cam a2200841 a 4500
001 ocm23219421
003 OCoLC
005 20200617073102.3
008 910201s1991 inua b 001 0 eng
010 $a 91006825
040 $aDLC$beng$cDLC$dOCL$dMUQ$dBAKER$dNLGGC$dUBA$dBTCTA$dYDXCP$dOCLCG$dVMC$dBDX$dGBVCP$dOCLCO$dUKMGB$dOCLCF$dOCLCQ$dOCL$dOCLCQ$dLFM$dOCLCA
016 7 $a007793010$2Uk
019 $a123055079$a1022686297$a1120809534
020 $a0253350042$q(alk. paper)
020 $a9780253350046$q(alk. paper)
029 1 $aAU@$b000007915724
029 1 $aGBVCP$b112104045
029 1 $aHR0$bG01661495
029 1 $aNZ1$b3998331
029 1 $aUNITY$b045353530
029 1 $aYDXCP$b143905
035 $a(OCoLC)23219421$z(OCoLC)123055079$z(OCoLC)1022686297$z(OCoLC)1120809534
050 00 $aPN3355$b.R93 1991
082 00 $a808.3/014$220
084 $a17.63$2bcl
084 $a17.81$2bcl
084 $a18.05$2bcl
084 $a18.06$2bcl
084 $a7,24$2ssgn
049 $aMAIN
100 1 $aRyan, Marie-Laure,$d1946-
245 10 $aPossible worlds, artificial intelligence, and narrative theory /$cMarie-Laure Ryan.
260 $aBloomington :$bIndiana University Press,$c©1991.
300 $aviii, 291 pages :$billustrations ;$c25 cm
336 $atext$btxt$2rdacontent
337 $aunmediated$bn$2rdamedia
338 $avolume$bnc$2rdacarrier
504 $aIncludes bibliographical references (pages 277-284) and index.
505 0 $aPart I: The fictional game -- 1. Fictional recentering -- 2. Possible worlds and accessibility relations: a semantic typology of fiction -- 3. Reconstructuing the textual universe: the principle of minimal departure -- 4. Voices and worlds -- 5. The fiction automaton -- Part II: The plotting of the plot -- 6. The modal structure of narrative universes -- 7. The dynamics of plot: goals, actions, plans, and private narratives -- 8. Virtuality and tellability -- 9. Stacks, frames, and boundaries, or narrative as computer language -- 10. The formal representation of plot -- 11. The heuristics of automatic story generation.
520 $aIn this important contribution to narrative theory, Marie-Laure Ryan applies insights from artificial intelligence and the theory of possible worlds to the study of narrative and fiction. For Ryan, the theory of possible worlds provides a more nuanced way of discussing the commonplace notion of a fictional "world," while artificial intelligence contributes to narratology and the theory of fiction directly via its researches into the cognitive processes of texts and automatic story generation. Although Ryan applies exotic theories to the study of narrative and fiction, her book maintains a solid basis in literary theory and makes the formal models developed by AI researchers accessible to the student of literature. The first part of the book seeks a more sophisticated application of the theory of possible worlds to the definition of fictionality. While fiction is a mode of travel into textual space, narrative is a journey within the confines of this space. The second part introduces the idea of a semantic domain consisting of a plurality of alternate possible worlds. This notion is developed into a theory of narrative conflict, which leads to an account of the forward movement of plot. By combining the philosophical back ground of possible world theory with models inspired by AI, the book fulfills a pressing need in narratology for new paradigms and an interdisciplinary perspective.
590 $bArchive
650 0 $aFiction$xTechnique.
650 0 $aPossibility in literature.
650 0 $aArtificial intelligence.
650 0 $aNarration (Rhetoric)
650 0 $aSemiotics and literature.
650 6 $aRoman$xTechnique.
650 6 $aIntelligence artificielle.
650 6 $aNarration.
650 6 $aPossibilité dans la littérature.
650 6 $aSémiotique et littérature.
650 7 $aArtificial intelligence.$2fast$0(OCoLC)fst00817247
650 7 $aFiction$xTechnique.$2fast$0(OCoLC)fst00923755
650 7 $aNarration (Rhetoric)$2fast$0(OCoLC)fst01032927
650 7 $aPossibility in literature.$2fast$0(OCoLC)fst01072701
650 7 $aSemiotics and literature.$2fast$0(OCoLC)fst01112369
650 17 $aKunstmatige intelligentie.$2gtt
650 17 $aFictie.$2gtt
650 17 $aVertelkunst.$2gtt
650 7 $aNarrativa.$2larpcal
650 7 $aFicção (gênero) (técnicas)$2larpcal
650 7 $aInteligência artificial.$2larpcal
653 0 $aArtificial intelligence
653 0 $aFiction$aTechnique
653 0 $aLiterature and semiotics
653 0 $aNarration (Rhetoric)
653 0 $aPossibility in literature
938 $aBaker & Taylor$bBKTY$c59.95$d59.95$i0253350042$n0001917233$sactive
938 $aBrodart$bBROD$n43230636$c$35.00
938 $aBaker and Taylor$bBTCP$n91006825
938 $aYBP Library Services$bYANK$n143905
994 $a92$bCST
976 $a10017055023